TEXT BOOK OF OBESTETRICS & NEONATOLOGY / (Record no. 794699)

MARC details
000 -LEADER
fixed length control field 00374pam a2200157 a 4500
020 ## - INTERNATIONAL STANDARD BOOK NUMBER
Terms of availability
041 ## - LANGUAGE CODE
Language code of original
082 ## - DEWEY DECIMAL CLASSIFICATION NUMBER
Classification number 618.2
Item number DAW
100 ## - MAIN ENTRY--PERSONAL NAME
Personal name DAWN, C .
245 ## - TITLE STATEMENT
Title TEXT BOOK OF OBESTETRICS & NEONATOLOGY /
Statement of responsibility, etc. NULL.
Medium Textual Documents
250 ## - EDITION STATEMENT
Edition statement 16 /
Remainder of edition statement .
260 ## - PUBLICATION, DISTRIBUTION, ETC.
Place of publication, distribution, etc. NULL :
Name of publisher, distributor, etc. DAWN BOOKS ,
Date of publication, distribution, etc. 2004.
300 ## - PHYSICAL DESCRIPTION
Extent 436 ;
Dimensions A4.
650 ## - SUBJECT ADDED ENTRY--TOPICAL TERM
Topical term or geographic name entry element OBST.GYNE
930 ## - EQUIVALENCE OR CROSS-REFERENCE-UNIFORM TITLE HEADING [LOCAL, CANADA]
Uniform title 163
Holdings
Withdrawn status Lost status Damaged status Not for loan Home library Current library Date acquired Source of acquisition Cost, normal purchase price Total Checkouts Full call number Barcode Date last seen Copy number Price effective from Koha item type Date due Date last checked out Collection
        Medical College & Hospital, Sangli Medical College & Hospital, Sangli 28/11/2011 390.00   618.2 DAW MCS-0828 26/07/2023 10 26/07/2023 Book      
        Medical College & Hospital, Sangli Medical College & Hospital, Sangli 28/11/2011 390.00   618.2 DAW MCS-0827 26/07/2023 9 26/07/2023 Book      
        Medical College & Hospital, Sangli Medical College & Hospital, Sangli 28/11/2011 390.00   618.2 DAW MCS-0826 26/07/2023 8 26/07/2023 Book      
        Medical College & Hospital, Sangli Medical College & Hospital, Sangli 28/11/2011 390.00 1 618.2 DAW MCS-0825 10/11/2023 7 26/07/2023 Book 31/12/2050 10/11/2023  
        Medical College & Hospital, Sangli Medical College & Hospital, Sangli 28/11/2011 390.00 1 618.2 DAW MCS-0824 10/11/2023 6 26/07/2023 Book 31/12/2050 10/11/2023  
        Medical College & Hospital, Sangli Medical College & Hospital, Sangli 28/11/2011 390.00 1 618.2 DAW MCS-0823 10/11/2023 5 26/07/2023 Book 31/12/2050 10/11/2023  
        Medical College & Hospital, Sangli Medical College & Hospital, Sangli 28/11/2011 390.00   618.2 DAW MCS-0822 26/07/2023 4 26/07/2023 Book      
        Medical College & Hospital, Sangli Medical College & Hospital, Sangli 28/11/2011 390.00 1 618.2 DAW MCS-0821 10/11/2023 3 26/07/2023 Book 31/12/2050 10/11/2023  
        Medical College & Hospital, Sangli Medical College & Hospital, Sangli 28/11/2011 390.00   618.2 DAW MCS-0820 26/07/2023 2 26/07/2023 Book      
        Medical College & Hospital, Sangli Medical College & Hospital, Sangli 28/11/2011 390.00   618.2 DAW MCS-0819 26/07/2023 1 26/07/2023 Book